000 00785nam a22002297a 4500
999 _c20003
_d20003
003 AR-CdUCM
008 190524b ||||| |||| 00| 0 spa d
040 _aMUNICIPALIDAD PROVINCIAL DEL CUSCO
_cBIBLIOTECA MUNICIPAL DEL CUSCO
041 _heng
082 _a985.01 /
_bH84
100 _aHuber, Siegfried
_941842
245 _aEl imperio inca /
260 _aBarcelona :
_bEdit. Jano,
_c1961.
300 _a285 páginas ;
_bFotografías,
_c24 cm.
505 _aContenido: América exótica -- Leyendas e historia de los incas -- Los conquistadores...
650 _aIndígenas del Perú
_95715
650 _aReligión y mitología
_96042
650 _aLeyendas
_92226
700 _aHosselbarth, Ana María (traducción)
_941843
942 _2ddc
_cLIBROS
945 _adavv
_d2019-05-24